Charakterizácia slivovíc fluorescenčnou spektrometriou

Enregistré dans:
Détails bibliographiques
Auteur principal: Kovácsová, Mária, 1991- (Auteur)
Autres auteurs: Sádecká, Jana (Directeur de thèse)
Format: Manuscrit Livre
Langue:slovaque
Publié: 2015
Sujets:
Accès en ligne:http://is.stuba.sk/zp/portal_zp.pl?podrobnosti=113148
Tags: Ajouter un tag
Pas de tags, Soyez le premier à ajouter un tag!

MARC

LEADER 00000ntm a22000003a 4500
001 stuzp52702
003 SK-STU
005 20160719154243.8
007 ta
008 150427s2015----xo-----f-mn---000-0-slo-d
040 |a STU  |b slo 
041 0 |a slo 
100 1 |a Kovácsová, Mária,  |d 1991-  |u 041180  |4 aut  |U FCHPT Ústav analytickej chémie  |T FCHPT Oddelenie analytickej chémie  |X 44153  |U C1180  |Y 108  |7 44153 
242 0 1 |a Characterisation of plum brandies using fluorescence spectrometry  |y eng 
245 1 0 |a Charakterizácia slivovíc fluorescenčnou spektrometriou 
260 |c 2015 
650 4 |a slivovice  |2 slo 
650 4 |a fluorescenčná spektrometria  |2 slo 
650 4 |a charakterizácia  |2 slo 
650 4 |a fluorescence spectrometry  |2 eng 
650 4 |a plum brandies  |2 eng 
650 4 |a characterisation  |2 eng 
700 1 |a Sádecká, Jana  |4 ths  |X 3383  |7 3383 
856 4 |u http://is.stuba.sk/zp/portal_zp.pl?podrobnosti=113148 
SQL |a stuzp52702  |b DDP  |c SLO  |d Charakterizácia slivovíc fluorescenčnou spektrometriou  |e 44153  |f Kovácsová, Mária  |g 041180  |h 3383  |i Sádecká, Jana  |j 20150608  |k 127  |l 04  |m http://is.stuba.sk/zp/portal_zp.pl?podrobnosti=113148  |n I-oTCHEM  |o 4.1.14. chémia, 5.2.18. chemické technológie